00637nam a2200229 a 4500001001300000003000900013005001700022008004100039020002300080082001400103100001500117245002500132260004600157300000900203500003500212505001000247650001300257902000800270942000700278952010700285999001500392nice12345678IN_TiNIC20260116013115.0050524s1978 newa grp 000 0 eng  a0671102 c24500a230bKUN1 aKung, Hans aOn Being a Christian aNew York bWashington Square Press c1978 a720p aincludes index and biblioraphy2 aIndex aTheology bSRS cBK 00104070aHMIbHMId2007-08-01g245.00l1o230 KUN1p015069r2018-07-31s2018-07-27w2026-01-16yEB c9678d9678